| 000 | 00574nam a2200205Ia 4500 | ||
|---|---|---|---|
| 005 | 20250508163711.0 | ||
| 008 | 008 250505s9999 xx 000 0 eng d | ||
| 037 | _aTextual | ||
| 040 |
_aFEDL _beng _cFEDL |
||
| 041 |
_aeng _2eng |
||
| 084 |
_a371.2, BHA _qFEDL |
||
| 100 |
_aBhatia R L _9776029 |
||
| 245 | 0 | _aSchool organisation and management | |
| 260 |
_aDelhi, India _bSurjeet Publications _c1994 |
||
| 300 | _a311p. | ||
| 650 | _aSchool Administration | ||
| 700 |
_a Ahuja B N _9776030 |
||
| 942 |
_cTEXL _h371.2, BHA |
||
| 999 |
_c1384788 _d1384788 |
||